[Event "URS-chT"]
[Site "Nabereznye Chelny"]
[Date "1988.??.??"]
[Round "1"]
[White "Dolmatov, Sergey"]
[Black "Itkis, Boris"]
[Result "1-0"]
[WhiteElo "2565"]
[BlackElo "2295"]
[PlyCount "101"]
[EventDate "1988.??.??"]
[EventType "team"]
[EventRounds "11"]
[EventCountry "URS"]
[SourceTitle "TD"]
[Source "ChessBase"]
[SourceDate "1994.03.01"]
[SourceVersion "1"]
[SourceVersionDate "1994.03.01"]
[SourceQuality "1"]

1. e4 c5 2. Nf3 d6 3. d4 cxd4 4. Nxd4 Nf6 5. Nc3 a6 6. Be2 e5 7. Nb3 Be7 8. Be3
O-O 9. g4 Be6 10. g5 Ne8 11. Qd2 Nd7 12. h4 Rc8 13. O-O-O Nb6 14. f4 exf4 15.
Bxf4 Nc4 16. Bxc4 Rxc4 17. Qe3 Qc8 18. Nd4 Bd8 19. Nde2 b5 20. Kb1 b4 21. Nd5
Bxd5 22. Rxd5 Nc7 23. Rd4 Nb5 24. Rxc4 Qxc4 25. Qd3 Qe6 26. Bd2 Re8 27. Ng3 Ba5
28. a3 Bb6 29. Bxb4 Bc5 30. Bxc5 dxc5 31. Rd1 g6 32. a4 Nd4 33. c3 Nc6 34. Qd7
Ne5 35. Qxe6 Rxe6 36. Rd8+ Kg7 37. Rc8 c4 38. Rc5 f6 39. Rc7+ Kg8 40. Kc2 Nf3
41. gxf6 Rxf6 42. Rxc4 Nxh4 43. b4 h5 44. b5 axb5 45. axb5 Nf3 46. Rc6 Kf7 47.
Rc7+ Ke6 48. c4 Nd4+ 49. Kc3 Nf3 50. b6 h4 51. b7 1-0

[Event "URS-chT"]
[Site "Nabereznye Chelny"]
[Date "1988.??.??"]
[Round "9"]
[White "Ulibin, Mikhail"]
[Black "Dolmatov, Sergey"]
[Result "1/2-1/2"]
[WhiteElo "2560"]
[BlackElo "2560"]
[PlyCount "95"]
[EventDate "1988.??.??"]
[EventType "team"]
[EventRounds "11"]
[EventCountry "URS"]
[SourceTitle "TD"]
[Source "ChessBase"]
[SourceDate "1994.03.01"]
[SourceVersion "1"]
[SourceVersionDate "1994.03.01"]
[SourceQuality "1"]

1. e4 e6 2. d4 d5 3. exd5 exd5 4. Nf3 Nf6 5. Bg5 Be7 6. Bd3 O-O 7. O-O Bg4 8.
Nbd2 c5 9. dxc5 Bxc5 10. c3 Nbd7 11. h3 Bh5 12. Qc2 Qb6 13. b4 Bd6 14. Be3 Qd8
15. Qb3 Re8 16. Bd4 Ne5 17. Nxe5 Bxe5 18. Rfe1 Bxd4 19. Rxe8+ Qxe8 20. cxd4 Rc8
21. b5 Bg6 22. Bxg6 hxg6 23. Nf3 Qd8 24. Qa3 Qb6 25. Rc1 Rxc1+ 26. Qxc1 Qxb5
27. Qc8+ Ne8 28. Ne5 f6 29. Nd7 Kf7 30. Nc5 Qc6 31. Qxb7+ Qxb7 32. Nxb7 Nc7 33.
Na5 Ke6 34. g4 g5 35. Kg2 Kd6 36. Kf3 Ne6 37. Nb3 Kc6 38. a4 Nf4 39. h4 Nd3 40.
hxg5 fxg5 41. Ke3 Nb2 42. Nc5 Nc4+ 43. Kd3 Kd6 44. Kc3 Na5 45. Nd3 Nc6 46. f4
gxf4 47. Nxf4 Nd8 48. Kb4 1/2-1/2

[Event "Akureyri"]
[Site "Akureyri"]
[Date "1988.??.??"]
[Round "?"]
[White "Dolmatov, Sergey"]
[Black "Olafsson, Helgi"]
[Result "1/2-1/2"]
[WhiteElo "2565"]
[BlackElo "2510"]
[PlyCount "76"]
[EventDate "1988.03.??"]
[EventType "tourn"]
[EventRounds "11"]
[EventCountry "ISL"]
[EventCategory "10"]
[SourceTitle "CBM 008"]
[Source "ChessBase"]
[SourceDate "1989.02.01"]
[SourceVersion "1"]
[SourceVersionDate "1989.02.01"]
[SourceQuality "1"]

1. e4 c5 2. Nf3 d6 3. d4 cxd4 4. Nxd4 Nf6 5. Nc3 a6 6. f4 Nbd7 7. Nf3 e6 8. a4
Nc5 9. Bd3 b6 10. O-O Bb7 11. Qe2 Be7 12. Bd2 O-O 13. b4 Nxd3 14. cxd3 Rc8 15.
b5 Nd7 16. d4 a5 17. Rac1 Nf6 18. Qd3 d5 19. e5 Ne4 20. Ne2 Rc4 21. Rxc4 dxc4
22. Qxc4 Qd5 23. Qxd5 Bxd5 24. Rc1 Bb4 25. Bxb4 axb4 26. Ne1 b3 27. Nd3 Ra8 28.
Nb2 h6 29. Rc7 g5 30. fxg5 hxg5 31. Nc3 Nxc3 32. Rxc3 Kg7 33. Kf2 Kg6 34. g4 f6
35. exf6 Kxf6 36. Ke2 e5 37. dxe5+ Kxe5 38. Kd2 Rf8 1/2-1/2

[Event "Akureyri"]
[Site "Akureyri"]
[Date "1988.??.??"]
[Round "?"]
[White "Dolmatov, Sergey"]
[Black "Polugaevsky, Lev"]
[Result "1/2-1/2"]
[WhiteElo "2565"]
[BlackElo "2575"]
[PlyCount "38"]
[EventDate "1988.03.??"]
[EventType "tourn"]
[EventRounds "11"]
[EventCountry "ISL"]
[EventCategory "10"]
[SourceTitle "CBM 008"]
[Source "ChessBase"]
[SourceDate "1989.02.01"]
[SourceVersion "1"]
[SourceVersionDate "1989.02.01"]
[SourceQuality "1"]

1. e4 c5 2. Nf3 d6 3. d4 cxd4 4. Nxd4 Nf6 5. Nc3 a6 6. f4 Nbd7 7. Qf3 e5 8. Nf5
b5 9. Bd3 g6 10. Ne3 exf4 11. Qxf4 Ne5 12. Ned5 Nxd5 13. Nxd5 Bg7 14. Be3 Rb8
15. Be2 Be6 16. O-O Bxd5 17. exd5 O-O 18. c3 a5 19. Bd4 Qd7 1/2-1/2

[Event "Akureyri"]
[Site "Akureyri"]
[Date "1988.??.??"]
[Round "?"]
[White "Dolmatov, Sergey"]
[Black "Tisdall, Jonathan D"]
[Result "0-1"]
[WhiteElo "2565"]
[BlackElo "2425"]
[PlyCount "106"]
[EventDate "1988.03.??"]
[EventType "tourn"]
[EventRounds "11"]
[EventCountry "ISL"]
[EventCategory "10"]
[SourceTitle "CBM 008"]
[Source "ChessBase"]
[SourceDate "1989.02.01"]
[SourceVersion "1"]
[SourceVersionDate "1989.02.01"]
[SourceQuality "1"]

1. e4 c5 2. Nf3 e6 3. d4 cxd4 4. Nxd4 Nf6 5. Nc3 d6 6. Be2 Be7 7. O-O a6 8. a4
O-O 9. f4 Qc7 10. Be3 b6 11. Bf3 Bb7 12. f5 e5 13. Nb3 Nbd7 14. Nd5 Bxd5 15.
exd5 Rfc8 16. c3 Qc4 17. Re1 Nc5 18. Bxc5 bxc5 19. Na5 Qf4 20. Nc6 Bf8 21. Qc2
c4 22. a5 Rxc6 23. dxc6 d5 24. Rf1 e4 25. Be2 Qe3+ 26. Kh1 h5 27. Rae1 Qc5 28.
b3 cxb3 29. Qxb3 Qxc6 30. Qb6 Qxc3 31. Bxa6 Bc5 32. Qc6 Ra7 33. Rb1 Qxa5 34.
Rb8+ Bf8 35. Bb7 e3 36. Qd6 Nh7 37. Qe5 Qb5 38. Re1 Rxb7 39. Rxb7 Qxb7 40. Qxe3
Nf6 41. Qf3 Qb4 42. Rf1 Bd6 43. g3 Ng4 44. Qe2 Qe4+ 45. Qxe4 dxe4 46. Rc1 e3
47. Kg2 Bb4 48. Kf3 Nxh2+ 49. Kxe3 Bd6 50. Kf2 Ng4+ 51. Kf3 Nh6 52. Rh1 Nxf5
53. Rxh5 g6 0-1

[Event "Akureyri"]
[Site "Akureyri"]
[Date "1988.??.??"]
[Round "?"]
[White "Dolmatov, Sergey"]
[Black "Vidarsson, Jon G"]
[Result "1/2-1/2"]
[WhiteElo "2565"]
[BlackElo "2305"]
[PlyCount "92"]
[EventDate "1988.03.??"]
[EventType "tourn"]
[EventRounds "11"]
[EventCountry "ISL"]
[EventCategory "10"]
[SourceTitle "CBM 008"]
[Source "ChessBase"]
[SourceDate "1989.02.01"]
[SourceVersion "1"]
[SourceVersionDate "1989.02.01"]
[SourceQuality "1"]

1. e4 d5 2. exd5 Nf6 3. d4 Nxd5 4. Nf3 g6 5. Be2 Bg7 6. O-O O-O 7. Re1 c5 8.
dxc5 Na6 9. Bxa6 bxa6 10. Ne5 Be6 11. Nd2 Qc7 12. Nd3 Rfd8 13. Qf3 Bf5 14. Ne4
Rac8 15. Bg5 Qc6 16. c4 Nf6 17. Nb4 Qa4 18. Bxf6 exf6 19. Nd5 Bxe4 20. Qxe4 f5
21. Ne7+ Kh8 22. Qh4 Ra8 23. c6 Qa5 24. Qg3 Bxb2 25. Rab1 Bf6 26. c7 Re8 27.
Qd6 Kg7 28. Kf1 Qxa2 29. c8=Q Raxc8 30. Nxc8 Qxc4+ 31. Kg1 Rxc8 32. h3 Rc6 33.
Qa3 Qf4 34. Qd3 Qd6 35. Qxd6 Rxd6 36. Rb7 Bd4 37. Ree7 Rf6 38. Kf1 Bb6 39. Rbd7
a5 40. Ke2 h5 41. g3 Kf8 42. Kf3 Kg7 43. Re2 Rc6 44. Ree7 Rf6 45. Re2 Rc6 46.
Ree7 Rf6 1/2-1/2

[Event "Akureyri"]
[Site "Akureyri"]
[Date "1988.??.??"]
[Round "?"]
[White "Kristjansson, Olafur"]
[Black "Dolmatov, Sergey"]
[Result "0-1"]
[WhiteElo "2225"]
[BlackElo "2565"]
[PlyCount "86"]
[EventDate "1988.03.??"]
[EventType "tourn"]
[EventRounds "11"]
[EventCountry "ISL"]
[EventCategory "10"]
[SourceTitle "CBM 008"]
[Source "ChessBase"]
[SourceDate "1989.02.01"]
[SourceVersion "1"]
[SourceVersionDate "1989.02.01"]
[SourceQuality "1"]

1. e4 e6 2. d4 d5 3. Nc3 Bb4 4. e5 c5 5. Bd2 Ne7 6. f4 O-O 7. Nf3 f6 8. dxc5
Bd7 9. Bd3 Bxc5 10. exf6 Rxf6 11. Qe2 Nbc6 12. O-O-O Nb4 13. Ne5 Nec6 14. Nxd7
Qxd7 15. Bb5 a6 16. Bxc6 Nxc6 17. Be3 Bxe3+ 18. Qxe3 Qc7 19. Ne2 Rc8 20. c3 b5
21. Kb1 Na5 22. b3 Nb7 23. Rhf1 Qf7 24. Kb2 Nc5 25. Ng3 g6 26. Qd4 a5 27. Rde1
Qf8 28. h4 Rxf4 29. Rxf4 Qxf4 30. Qxf4 Nd3+ 31. Kc2 Nxf4 32. Kd2 b4 33. cxb4
axb4 34. h5 Ra8 35. Ra1 gxh5 36. Ke3 e5 37. Nf5 Nxg2+ 38. Kf3 Nf4 39. Ne7+ Kf7
40. Nc6 Ke6 41. Nxb4 Rc8 42. Ke3 d4+ 43. Kd2 e4 0-1

[Event "Akureyri"]
[Site "Akureyri"]
[Date "1988.??.??"]
[Round "?"]
[White "Petursson, Margeir"]
[Black "Dolmatov, Sergey"]
[Result "1/2-1/2"]
[WhiteElo "2540"]
[BlackElo "2565"]
[PlyCount "99"]
[EventDate "1988.03.??"]
[EventType "tourn"]
[EventRounds "11"]
[EventCountry "ISL"]
[EventCategory "10"]
[SourceTitle "CBM 008"]
[Source "ChessBase"]
[SourceDate "1989.02.01"]
[SourceVersion "1"]
[SourceVersionDate "1989.02.01"]
[SourceQuality "1"]

1. d4 e6 2. c4 f5 3. Nf3 Nf6 4. g3 d5 5. Bg2 c6 6. O-O Bd6 7. b3 Qe7 8. Nbd2 b6
9. Bb2 Bb7 10. Ne5 O-O 11. Rc1 a5 12. e3 Na6 13. Qe2 Bxe5 14. dxe5 Nd7 15. Rfd1
Nac5 16. Nf3 Rac8 17. Ba3 Rfe8 18. Qb2 g5 19. Ne1 g4 20. Bxc5 Nxc5 21. Nd3 Nxd3
22. Rxd3 b5 23. cxb5 cxb5 24. Rdc3 b4 25. Rxc8 Rxc8 26. Rxc8+ Bxc8 27. Qc2 Bb7
28. h3 h5 29. h4 Kf7 30. Qc1 Ke8 31. Bf1 Kd8 32. Qd2 Bc6 33. Qd4 Qc7 34. Qc5
Be8 35. Qf8 Qe7 36. Qxe7+ Kxe7 37. Ba6 Kd8 38. f3 Kc7 39. Kf2 Kb6 40. Bc8 Bf7
41. Bd7 Kc7 42. Ba4 Bg6 43. Ke2 Kb6 44. f4 Bf7 45. Kd3 Kc7 46. Kd4 Kb6 47. Bd7
Kc7 48. Ba4 Kb6 49. Bd7 Kc7 50. Ba4 1/2-1/2

[Event "Akureyri"]
[Site "Akureyri"]
[Date "1988.??.??"]
[Round "?"]
[White "Thorsteins, Karl"]
[Black "Dolmatov, Sergey"]
[Result "1/2-1/2"]
[WhiteElo "2440"]
[BlackElo "2565"]
[PlyCount "81"]
[EventDate "1988.03.??"]
[EventType "tourn"]
[EventRounds "11"]
[EventCountry "ISL"]
[EventCategory "10"]
[SourceTitle "CBM 008"]
[Source "ChessBase"]
[SourceDate "1989.02.01"]
[SourceVersion "1"]
[SourceVersionDate "1989.02.01"]
[SourceQuality "1"]

1. d4 e6 2. c4 f5 3. Nf3 Nf6 4. g3 d5 5. Bg2 c6 6. O-O Bd6 7. b3 Qe7 8. Bb2 b6
9. Nbd2 Bb7 10. Ne5 O-O 11. Rc1 a5 12. e3 c5 13. dxc5 bxc5 14. Qc2 Ne4 15. f3
Nf6 16. f4 Na6 17. a3 Ne4 18. g4 Nc7 19. gxf5 Nxd2 20. Qxd2 Rxf5 21. Kh1 a4 22.
bxa4 Rxa4 23. Rg1 Ne8 24. cxd5 Nf6 25. Nc6 Qe8 26. Bxf6 Rxf6 27. Qb2 Ba8 28.
Bf3 Rg6 29. Rxg6 hxg6 30. Rg1 exd5 31. Bxd5+ Kf8 32. Qg2 Ra6 33. Ne5 Bxe5 34.
fxe5 Bxd5 35. Qxd5 Re6 36. Qxc5+ Kg8 37. Qc4 Kh7 38. Qh4+ Kg8 39. Rd1 Qc6+ 40.
e4 Rxe5 41. Re1 1/2-1/2

[Event "Yerevan+"]
[Site "Yerevan"]
[Date "1988.05.08"]
[Round "1"]
[White "Dolmatov, Sergey"]
[Black "Akopian, Vladimir"]
[Result "1/2-1/2"]
[WhiteElo "2565"]
[BlackElo "2460"]
[PlyCount "48"]
[EventDate "1988.05.??"]
[EventType "tourn"]
[EventRounds "6"]
[EventCountry "URS"]
[SourceTitle "EXT 2000"]
[Source "ChessBase"]
[SourceDate "1999.11.16"]
[SourceVersion "1"]
[SourceVersionDate "1999.11.16"]
[SourceQuality "1"]

1. e4 e5 2. Nf3 Nf6 3. d4 Nxe4 4. Bd3 d5 5. Nxe5 Nd7 6. Nxd7 Bxd7 7. O-O Qh4 8.
c4 O-O-O 9. c5 g5 10. Nc3 Bg7 11. g3 Qh3 12. Nxe4 dxe4 13. Bxe4 Bb5 14. Bxg5
Rxd4 15. Qb3 Rxe4 16. Qxb5 h6 17. Be3 Rh4 18. Rfd1 Qxh2+ 19. Kf1 Qh3+ 20. Ke1
Re4 21. c6 Rxe3+ 22. fxe3 Qxg3+ 23. Ke2 Qg2+ 24. Ke1 Qg3+ 1/2-1/2

[Event "Yerevan+"]
[Site "Yerevan"]
[Date "1988.05.12"]
[Round "5"]
[White "Dolmatov, Sergey"]
[Black "Petrosian, Arshak"]
[Result "1/2-1/2"]
[WhiteElo "2565"]
[BlackElo "2480"]
[PlyCount "59"]
[EventDate "1988.05.??"]
[EventType "tourn"]
[EventRounds "6"]
[EventCountry "URS"]
[SourceTitle "EXT 2000"]
[Source "ChessBase"]
[SourceDate "1999.11.16"]
[SourceVersion "1"]
[SourceVersionDate "1999.11.16"]
[SourceQuality "1"]

1. c4 e6 2. Nc3 d5 3. d4 Nf6 4. cxd5 exd5 5. Bg5 Be7 6. e3 O-O 7. Bd3 Nbd7 8.
Nf3 Re8 9. O-O c6 10. Qc2 Nf8 11. a3 Ng6 12. b4 Bd6 13. Rfe1 Bg4 14. Nh4 Bd7
15. Kh1 Be7 16. Nf5 Bxf5 17. Bxf5 Ne4 18. Bxe7 Qxe7 19. f3 Nxc3 20. Qxc3 Qg5
21. e4 dxe4 22. fxe4 Nf4 23. g3 Ne6 24. Rad1 Rad8 25. Bh3 Qf6 26. Rf1 Qe7 27.
Bg2 Qd7 28. e5 Qc7 29. b5 Re7 30. bxc6 1/2-1/2

[Event "Yerevan+"]
[Site "Yerevan"]
[Date "1988.05.14"]
[Round "7"]
[White "Dolmatov, Sergey"]
[Black "Pavlovic, Milos"]
[Result "1/2-1/2"]
[WhiteElo "2565"]
[BlackElo "2460"]
[PlyCount "75"]
[EventDate "1988.05.??"]
[EventType "tourn"]
[EventRounds "6"]
[EventCountry "URS"]
[SourceTitle "EXT 2000"]
[Source "ChessBase"]
[SourceDate "1999.11.16"]
[SourceVersion "1"]
[SourceVersionDate "1999.11.16"]
[SourceQuality "1"]

1. e4 e5 2. Nf3 Nc6 3. Bc4 Nf6 4. d3 Be7 5. c3 O-O 6. O-O d6 7. Bb3 h6 8. h3
Re8 9. Re1 Bf8 10. Nbd2 a6 11. Nf1 b5 12. Ng3 Na5 13. Bc2 c5 14. d4 cxd4 15.
cxd4 exd4 16. Nxd4 Nc4 17. b3 Ne5 18. Ndf5 Bb7 19. Be3 Rc8 20. Re2 Ng6 21. Rd2
Qc7 22. Rc1 Re6 23. Rd4 Qb8 24. Bb1 Rce8 25. Rd2 Nxe4 26. Nxe4 Bxe4 27. Bxe4
Rxe4 28. Nxd6 Bxd6 29. Rxd6 Nh4 30. Rc5 Qb7 31. Rd7 Qb6 32. Qd6 Qa5 33. Qd2 Qb6
34. Qd6 Qa5 35. Qd2 Qb6 36. Qd6 Qa5 37. Qd2 Qb6 38. Qd6 1/2-1/2

[Event "Marseille"]
[Site "Marseille"]
[Date "1988.??.??"]
[Round "?"]
[White "Andruet, Gilles"]
[Black "Dolmatov, Sergey"]
[Result "0-1"]
[WhiteElo "2450"]
[BlackElo "2550"]
[PlyCount "88"]
[EventDate "1988.07.??"]
[EventType "tourn"]
[EventRounds "9"]
[EventCountry "FRA"]
[EventCategory "10"]
[SourceTitle "CBM 009"]
[Source "ChessBase"]
[SourceDate "1989.04.01"]
[SourceVersion "1"]
[SourceVersionDate "1989.04.01"]
[SourceQuality "1"]

1. d4 e6 2. c4 f5 3. g3 Nf6 4. Bg2 c6 5. Qc2 d5 6. Nh3 Bd6 7. Bf4 Be7 8. Nd2
O-O 9. O-O h6 10. Bxb8 Rxb8 11. Nf4 Bd6 12. Ng6 Re8 13. Nf3 Ne4 14. Nfe5 Qf6
15. Bxe4 dxe4 16. c5 Bxe5 17. Nxe5 Rd8 18. e3 Bd7 19. f3 exf3 20. Rxf3 Be8 21.
g4 Bg6 22. Raf1 Rd5 23. Qc3 Rbd8 24. Rg3 Bh7 25. h3 Qe7 26. Kh2 g5 27. gxf5
exf5 28. Rf2 Rf8 29. Nc4 Rf7 30. Ne5 Rg7 31. Rfg2 h5 32. Rf2 g4 33. hxg4 fxg4
34. Rf4 Rg5 35. Nf7 Rg7 36. Ne5 Rg5 37. Qc4 Rgxe5 38. dxe5 Qxe5 39. Qf1 Bg6 40.
Rf8+ Kg7 41. Qf4 Qxf4 42. Rxf4 Rxc5 43. Rb4 Kf6 44. Rxb7 Be4 0-1

[Event "Marseille"]
[Site "Marseille"]
[Date "1988.??.??"]
[Round "?"]
[White "Dolmatov, Sergey"]
[Black "Petursson, Margeir"]
[Result "1-0"]
[WhiteElo "2550"]
[BlackElo "2530"]
[PlyCount "155"]
[EventDate "1988.07.??"]
[EventType "tourn"]
[EventRounds "9"]
[EventCountry "FRA"]
[EventCategory "10"]
[SourceTitle "CBM 009"]
[Source "ChessBase"]
[SourceDate "1989.04.01"]
[SourceVersion "1"]
[SourceVersionDate "1989.04.01"]
[SourceQuality "1"]

1. e4 c5 2. Nf3 d6 3. d4 cxd4 4. Nxd4 Nf6 5. Nc3 g6 6. Be3 Bg7 7. f3 O-O 8. Qd2
Nc6 9. g4 Be6 10. O-O-O Ne5 11. g5 Nh5 12. f4 Nc4 13. Bxc4 Bxc4 14. f5 Re8 15.
Kb1 Rc8 16. Nd5 e6 17. Nc3 Qa5 18. f6 Bf8 19. Nb3 Qc7 20. Qf2 b5 21. Nd2 d5 22.
Nxc4 dxc4 23. Nxb5 Qe5 24. Nc3 Rb8 25. Rd4 Ba3 26. b3 Rec8 27. Na4 Qa5 28. Nb2
Bxb2 29. Kxb2 cxb3 30. axb3 Qc3+ 31. Kb1 e5 32. Rd7 Qc6 33. Rhd1 Qxe4 34. Kb2
a5 35. Ba7 Ra8 36. Qd2 h6 37. h4 a4 38. Qd3 Qc6 39. b4 Nf4 40. Qd2 a3+ 41. Ka1
Ne6 42. Bc5 Rd8 43. Qd5 Qa6 44. Qe4 Rxd7 45. Rxd7 hxg5 46. hxg5 Nxg5 47. Qd5
Re8 48. Rd8 Rxd8 49. Qxd8+ Kh7 50. Qd5 Qe2 51. Qb3 Ne6 52. Be3 Qb5 53. Ka2 g5
54. c4 Qb7 55. b5 g4 56. c5 Qg2+ 57. Kxa3 g3 58. c6 Kg6 59. Qc3 Qf3 60. b6 g2
61. Qc2+ Kh5 62. Qf2 Qe4 63. c7 Qd3+ 64. Kb2 Qb5+ 65. Kc1 g1=Q+ 66. Qxg1 Qc4+
67. Kd2 Qa2+ 68. Kd3 Nf4+ 69. Bxf4 Qb3+ 70. Ke2 Qc4+ 71. Ke1 exf4 72. Qh2+ Kg5
73. Qe2 Qc3+ 74. Qd2 Qc6 75. Qd4 Kg4 76. Kd2 Kf5 77. Kd3 f3 78. Qc4 1-0

[Event "Marseille"]
[Site "Marseille"]
[Date "1988.??.??"]
[Round "?"]
[White "Dolmatov, Sergey"]
[Black "Renet, Olivier"]
[Result "1/2-1/2"]
[WhiteElo "2550"]
[BlackElo "2440"]
[PlyCount "76"]
[EventDate "1988.07.??"]
[EventType "tourn"]
[EventRounds "9"]
[EventCountry "FRA"]
[EventCategory "10"]
[SourceTitle "CBM 009"]
[Source "ChessBase"]
[SourceDate "1989.04.01"]
[SourceVersion "1"]
[SourceVersionDate "1989.04.01"]
[SourceQuality "1"]

1. e4 c5 2. Nf3 d6 3. d4 cxd4 4. Nxd4 Nf6 5. Nc3 a6 6. f4 Nbd7 7. Qf3 Qb6 8.
Nb3 e6 9. g4 h6 10. Bg2 Qc7 11. h4 h5 12. g5 Ng4 13. a4 g6 14. Qe2 Bg7 15. Bd2
Nb6 16. Bf1 Bd7 17. a5 Nc8 18. Rh3 Ne7 19. Rd3 O-O 20. Be3 Nxe3 21. Qxe3 e5 22.
f5 gxf5 23. O-O-O f4 24. Qf2 Bg4 25. Be2 Rad8 26. Qg2 f5 27. gxf6 Rxf6 28. Bxg4
Rg6 29. Be6+ Rxe6 30. Qe2 Rh6 31. Rg1 Rf8 32. Rg5 Qc4 33. Nd2 Qf7 34. Nf3 Kh8
35. Qd1 Qe6 36. Ne1 Qf7 37. Nf3 Qe6 38. Ne1 Qf7 1/2-1/2

[Event "Marseille"]
[Site "Marseille"]
[Date "1988.??.??"]
[Round "?"]
[White "Dolmatov, Sergey"]
[Black "Sharif, Mershad"]
[Result "1-0"]
[WhiteElo "2550"]
[BlackElo "2445"]
[PlyCount "185"]
[EventDate "1988.07.??"]
[EventType "tourn"]
[EventRounds "9"]
[EventCountry "FRA"]
[EventCategory "10"]
[SourceTitle "CBM 009"]
[Source "ChessBase"]
[SourceDate "1989.04.01"]
[SourceVersion "1"]
[SourceVersionDate "1989.04.01"]
[SourceQuality "1"]

1. e4 e5 2. Nf3 Nc6 3. Bc4 Nf6 4. d3 Be7 5. O-O O-O 6. c3 d6 7. Bb3 Na5 8. Bc2
c5 9. h3 Re8 10. d4 Qc7 11. Re1 Bd7 12. d5 g6 13. Nbd2 Nh5 14. Nf1 Bf8 15. N3h2
Bg7 16. Qf3 Rf8 17. g4 Nf6 18. Ng3 Kh8 19. Kh1 Ng8 20. Rg1 f6 21. b3 b5 22. Qe2
Nb7 23. Be3 Bh6 24. Bxh6 Nxh6 25. Nhf1 Nf7 26. Ne3 a5 27. Bd3 Qb6 28. Rgb1 Rfb8
29. Qd2 Qa7 30. a4 c4 31. bxc4 bxa4 32. Bc2 Nc5 33. Rxb8+ Rxb8 34. Ra2 Rb7 35.
Kg2 Qb8 36. Nd1 Kg7 37. Ne2 Qa8 38. Qe3 Rb8 39. Nb2 Qa6 40. Qc1 Nb3 41. Qd1 Nc5
42. Ng3 Ng5 43. Qf1 Qc8 44. Nxa4 Bxa4 45. Bxa4 Ngxe4 46. Nxe4 Nxe4 47. Bb5 Qc7
48. Qe1 Nc5 49. Qe3 g5 50. h4 h6 51. Qf3 Ra8 52. Qf5 a4 53. h5 Qf7 54. Bc6 Ra7
55. Rb2 a3 56. Rb8 Na6 57. Be8 Nxb8 58. Bxf7 Rxf7 59. Qg6+ Kf8 60. Qb1 Nd7 61.
Qb4 Ke7 62. Qxa3 f5 63. gxf5 Rxf5 64. Qa8 Rf8 65. Qa2 Rf4 66. Qc2 e4 67. Qd2
Ne5 68. Qd4 e3 69. Qa7+ Kf6 70. fxe3 Rxc4 71. Qh7 Nf7 72. e4 Rxc3 73. e5+ Nxe5
74. Qxh6+ Kf5 75. Qxd6 Rc2+ 76. Kg3 Rc3+ 77. Kf2 g4 78. Qf8+ Kg5 79. Qg7+ Kf4
80. Qf6+ Ke4 81. h6 Rc2+ 82. Kg3 Rc3+ 83. Kf2 Rc2+ 84. Ke1 g3 85. Qh4+ Kf3 86.
Qg5 Nd3+ 87. Kd1 Rb2 88. Qf6+ Ke3 89. Qe7+ Kf3 90. Qa3 Ke4 91. Qa4+ Kxd5 92.
Qd7+ Kc4 93. Qc7+ 1-0

[Event "Marseille"]
[Site "Marseille"]
[Date "1988.??.??"]
[Round "?"]
[White "Dolmatov, Sergey"]
[Black "Todorcevic, Miodrag"]
[Result "1/2-1/2"]
[WhiteElo "2550"]
[BlackElo "2525"]
[PlyCount "51"]
[EventDate "1988.07.??"]
[EventType "tourn"]
[EventRounds "9"]
[EventCountry "FRA"]
[EventCategory "10"]
[SourceTitle "CBM 009"]
[Source "ChessBase"]
[SourceDate "1989.04.01"]
[SourceVersion "1"]
[SourceVersionDate "1989.04.01"]
[SourceQuality "1"]

1. e4 g6 2. d4 Bg7 3. f4 d6 4. Nf3 c6 5. Be2 Nf6 6. Nc3 O-O 7. O-O b5 8. a3 a6
9. Kh1 Bg4 10. h3 Bxf3 11. Bxf3 Ne8 12. f5 e6 13. Ne2 Nd7 14. Qd3 e5 15. c3 Rc8
16. a4 Nef6 17. axb5 axb5 18. Ng3 Qc7 19. Be3 Rfe8 20. Bf2 d5 21. Rae1 Rcd8 22.
Qc2 Rc8 23. Re2 dxe4 24. Bxe4 exd4 25. cxd4 Nb6 26. Rfe1 1/2-1/2

[Event "Marseille"]
[Site "Marseille"]
[Date "1988.??.??"]
[Round "?"]
[White "Kouatly, Bachar"]
[Black "Dolmatov, Sergey"]
[Result "1/2-1/2"]
[WhiteElo "2440"]
[BlackElo "2550"]
[PlyCount "40"]
[EventDate "1988.07.??"]
[EventType "tourn"]
[EventRounds "9"]
[EventCountry "FRA"]
[EventCategory "10"]
[SourceTitle "CBM 009"]
[Source "ChessBase"]
[SourceDate "1989.04.01"]
[SourceVersion "1"]
[SourceVersionDate "1989.04.01"]
[SourceQuality "1"]

1. d4 e6 2. Nf3 f5 3. g3 Nf6 4. Bg2 d5 5. c4 c6 6. Qc2 Bd6 7. Bf4 Bxf4 8. gxf4
O-O 9. Nbd2 Ne4 10. e3 Nxd2 11. Qxd2 b6 12. Rc1 Nd7 13. cxd5 cxd5 14. Qb4 Nf6
15. Ne5 a5 16. Qc3 Ba6 17. Qc7 Qxc7 18. Rxc7 Rfc8 19. Rxc8+ Rxc8 20. Kd2 Bb5
1/2-1/2

[Event "Marseille"]
[Site "Marseille"]
[Date "1988.??.??"]
[Round "?"]
[White "Miralles, Gilles"]
[Black "Dolmatov, Sergey"]
[Result "1/2-1/2"]
[WhiteElo "2405"]
[BlackElo "2550"]
[PlyCount "99"]
[EventDate "1988.07.??"]
[EventType "tourn"]
[EventRounds "9"]
[EventCountry "FRA"]
[EventCategory "10"]
[SourceTitle "CBM 009"]
[Source "ChessBase"]
[SourceDate "1989.04.01"]
[SourceVersion "1"]
[SourceVersionDate "1989.04.01"]
[SourceQuality "1"]

1. d4 f5 2. g3 Nf6 3. Bg2 e6 4. Nf3 d5 5. O-O Bd6 6. c4 c6 7. b3 Qe7 8. Bb2 O-O
9. Qc1 b6 10. Ne5 Bb7 11. Ba3 Nbd7 12. Nd3 Ne4 13. Qb2 dxc4 14. bxc4 c5 15. e3
Rac8 16. Rc1 Rfd8 17. Qb3 Nb8 18. Bb2 Nc6 19. dxc5 Nxc5 20. Nxc5 Bxc5 21. a3
Rd7 22. Bc3 Rcd8 23. Qa4 Qe8 24. Ra2 Rd3 25. Rd2 a5 26. h3 R8d6 27. Rcd1 Rxd2
28. Rxd2 Qd7 29. Kh2 Kf7 30. Qb5 Rxd2 31. Nxd2 Qc7 32. Qb2 Bf8 33. Nf3 Kg8 34.
Ng5 Bc8 35. Qb5 Na7 36. Qe8 Qe7 37. Qh5 g6 38. Qh4 h6 39. Qd4 hxg5 40. Qxb6 Bg7
41. Bxa5 Qd7 42. Bb4 Bf8 43. c5 Qa4 44. c6 Bxb4 45. axb4 Qa6 46. Qd8+ Kf7 47.
Qc7+ Kf8 48. Qd8+ Kf7 49. Qc7+ Kf8 50. Qd8+ 1/2-1/2

[Event "URS-ch FL56"]
[Site "Klaipeda"]
[Date "1988.??.??"]
[Round "?"]
[White "Balashov, Yuri"]
[Black "Dolmatov, Sergey"]
[Result "1/2-1/2"]
[WhiteElo "2540"]
[BlackElo "2550"]
[PlyCount "38"]
[EventDate "1988.11.??"]
[EventType "tourn"]
[EventRounds "17"]
[EventCountry "URS"]
[EventCategory "9"]
[SourceTitle "CBM 011"]
[Source "ChessBase"]
[SourceDate "1989.08.01"]
[SourceVersion "1"]
[SourceVersionDate "1989.08.01"]
[SourceQuality "1"]

1. d4 Nf6 2. c4 e6 3. Nf3 b6 4. g3 Bb7 5. Bg2 Be7 6. O-O O-O 7. Nc3 Ne4 8. Nxe4
Bxe4 9. Nh4 Bxg2 10. Nxg2 d5 11. Qa4 Qd7 12. Qxd7 Nxd7 13. Ne3 c6 14. cxd5 cxd5
15. Bd2 Rfc8 16. a4 a5 17. Rfc1 Kf8 18. Nd1 Ke8 19. Kf1 Kd8 1/2-1/2